| 000 | 00634nam a2200253Ia 4500 | ||
|---|---|---|---|
| 008 | 181129s9999 xx 000 0 und d | ||
| 020 | _a9780375842207 | ||
| 050 | _bZ967 2005 | ||
| 100 | _aZusak, Markus | ||
| 245 | 4 | _aThe book thief / | |
| 245 | 0 | _cby Markus Zusak ; illustrated by Trudy White. | |
| 260 | _aNew York, NY : | ||
| 260 | _bAlfred A. Knopf. | ||
| 260 | _c2005 | ||
| 300 | _a552 pages : | ||
| 300 | _billustrations ; | ||
| 300 | _c20cm. | ||
| 650 | _aGermany. | ||
| 650 | _aJews rescue. | ||
| 650 | _aStorytelling. | ||
| 650 | _aWorld War (1939-1945). | ||
| 700 | _aTitle. | ||
| 700 | _aWhite, Trudy. | ||
| 999 |
_c360143 _d360143 |
||